Essential of Modern biology (Record no. 21846)

MARC details
000 -LEADER
fixed length control field 00434nam a22001697a 4500
003 - CONTROL NUMBER IDENTIFIER
control field OSt
005 - DATE AND TIME OF LATEST TRANSACTION
control field 20211208120203.0
008 - FIXED-LENGTH DATA ELEMENTS--GENERAL INFORMATION
fixed length control field 211208b |||||||| |||| 00| 0 eng d
020 ## - INTERNATIONAL STANDARD BOOK NUMBER
International Standard Book Number 8180521389
040 ## - CATALOGING SOURCE
Transcribing agency HU
082 ## - DEWEY DECIMAL CLASSIFICATION NUMBER
Classification number 574
100 ## - MAIN ENTRY--PERSONAL NAME
Personal name SOBTI R.C
9 (RLIN) 22138
245 ## - TITLE STATEMENT
Title Essential of Modern biology
Remainder of title Ane's student Edition
260 ## - PUBLICATION, DISTRIBUTION, ETC.
Place of publication, distribution, etc. New Delhi
Name of publisher, distributor, etc. ANE BOOKS INDIA
Date of publication, distribution, etc. 2008
300 ## - PHYSICAL DESCRIPTION
Extent Xiv,711 p
Other physical details pc
Dimensions 23
942 ## - ADDED ENTRY ELEMENTS (KOHA)
Source of classification or shelving scheme Dewey Decimal Classification
Koha item type Books like text book referance book
Suppress in OPAC No
Holdings
Withdrawn status Lost status Source of classification or shelving scheme Damaged status Not for loan Collection code Home library Current library Shelving location Date acquired Total Checkouts Full call number Barcode Date last seen Copy number Price effective from Koha item type
    Dewey Decimal Classification     Non-fiction Wondo Genet Library Wondo Genet Library General Stacks 12/08/2021   574 sob 2008 WGCFNRL00009202 12/08/2021 1 12/08/2021 Books like text book referance book